Enfermedades infecciosas (Registro nro. 12980)

Detalles MARC
000 -CABECERA
Longitud fija campo de control 00627nam a2200217 b 4500
001 - NÚMERO DE CONTROL
Número de control bimo0002146651
003 - IDENTIFICADOR DELl NÚMERO DE CONTROL
Identificador del número de control OSt
005 - FECHA Y HORA DE LA ÚLTIMA TRANSACCIÓN
Fecha y hora de la última transacción 20140813163557.0
008 - CÓDIGOS DE INFORMACIÓN DE LONGITUD FIJA
Códigos de información de longitud fija 061130s2004 ag | ||| ||spa
020 ## - NÚMERO INTERNACIONAL NORMALIZADO PARA LIBROS
Número Internacional Normalizado para Libros (ISBN) 958-9400-60-4
040 ## - FUENTE DE LA CATALOGACIÓN
Centro transcriptor BMC
082 ## - NÚMERO DE LA CLASIFICACIÓN DECIMAL DEWEY
Númeroo de clasificación 614.43
245 10 - MENCIÓN DE TÍTULO
Título Enfermedades infecciosas
Mención de responsabilidad, etc. Angela Resprepo M. ... [et al.]
250 ## - MENCIÓN DE EDICIÓN
Mención de edición 6ª ed., reimp
260 ## - PUBLICACIÓN, DISTRIBUCIÓN, ETC. (PIE DE IMPRENTA)
Lugar de publicación, distribución, etc. Medellín
Nombre del editor, distribuidor, etc. Corporación para Investigaciones Biológicas
Fecha de publicación, distribución, etc. 2004
300 ## - DESCRIPCIÓN FÍSICA
Extensión XXII, 830 p.
Dimensiones 22 cm
490 ## - MENCIÓN DE SERIE
Mención de serie Fundamentos de medicina
650 24 - PUNTO DE ACCESO ADICIONAL DE MATERIA - TÉRMINO DE MATERIA
Término de materia o nombre geográfico como elemento inicial Enfermedades infecciosas
9 (RLIN) 4220
700 1# - PUNTO DE ACCESO ADICIONAL - NOMBRE DE PERSONA
9 (RLIN) 23787
Nombre de persona Restrepo M., Angela
942 ## - ENTRADA DE ELEMENTOS AGREGADOS (KOHA)
Fuente de clasificaión o esquema Dewey Decimal Classification
Koha [por defecto] tipo de item 1- Monografias
Existencias
Suprimido Perdido Fuente de clasificación o esquema Estropeado Restricciones de uso No para préstamo Código de colección Localización permanente Localización actual Localización en estanter&íacute;as Fecha adquisición Fuente de adquisición Número de inventario Préstamos totales Signatura completa Código de barras Fecha última consulta Fecha último préstamo Coste, precio reemplazado Fecha del precio de reemplazo Tipo de item de Koha
NULL NULL Dewey Decimal Classification NULL Prestable NULL NULL Biblioteca Miguel de Cervantes - UNICAES Biblioteca Miguel de Cervantes - UNICAES Sala Principal 06/12/2005 Donación - Facultad de Ciencias y Humanidades 020428 3 614.43 ENF 1020784 03/10/2016 03/10/2016 30.00 13/08/2014 1- Monografias
NULL NULL Dewey Decimal Classification NULL Prestable NULL NULL Biblioteca Miguel de Cervantes - UNICAES Biblioteca Miguel de Cervantes - UNICAES Sala Principal 06/12/2005 Donación - Facultad de Ciencias y Humanidades 020429 2 614.43 ENF 1020785 15/06/2018 15/06/2018 30.00 13/08/2014 1- Monografias
NULL NULL Dewey Decimal Classification NULL Prestable NULL NULL Biblioteca Miguel de Cervantes - UNICAES Biblioteca Miguel de Cervantes - UNICAES Sala Principal 06/12/2005 Donación - Facultad de Ciencias y Humanidades 020430   614.43 ENF 1020786 13/08/2014   30.00 13/08/2014 1- Monografias